Udržitelný rozvoj a kvalita života v ekonomických, ekologických a dalších souvislostech

Subjektívna kvalita života, životná úroveň a ekonomia. Ekologická efektivita ekonomického blahobytu a jeho environmentálne limity. Limity ekonomického rastu a mimoekonomické dimenzie kvality života. Schéma udržateľného rozvoja a jeho základných dimenzií. Indikátory kvality života. Indikátory ekologi...

Descrizione completa

Salvato in:
Dettagli Bibliografici
Autore principale: Heřmanová, Eva
Natura: Capitolo di libro
Lingua:ceco
Soggetti:
Tags: Aggiungi Tag
Nessun Tag, puoi essere il primo ad aggiungerne!!

MARC

LEADER 00000nla$a2200000$$$4500
001 0143040
005 20221103134545.7
041 0 |a cze 
044 |a SK 
245 1 0 |a Udržitelný rozvoj a kvalita života v ekonomických, ekologických a dalších souvislostech  |c Eva Heřmanová 
520 |a Subjektívna kvalita života, životná úroveň a ekonomia. Ekologická efektivita ekonomického blahobytu a jeho environmentálne limity. Limity ekonomického rastu a mimoekonomické dimenzie kvality života. Schéma udržateľného rozvoja a jeho základných dimenzií. Indikátory kvality života. Indikátory ekologicky udržateľného ekonomického rozvoja. Porovnanie krajín podľa indikátorov kvality a udržateľnosti života. Ekologická stopa v krajinách sveta. 
610 2 0 |a rozvoj trvalo udržateľný 
610 2 0 |a kvalita života 
610 2 0 |a úroveň životná 
610 2 0 |a ekológia 
610 2 0 |a ukazovatele 
610 2 0 |a porovnanie medzinárodné 
100 1 |a Heřmanová, Eva